Petit Bac #92 - Lieux de Fortnite - Statistiques

Statistiques générales
  • Ce quiz a été pris 9 618 fois
    8 884 depuis la dernière actualisation
  • Le résultat moyen est 9 sur 18
Statistiques - réponses
1ère Lettre Nom du Lieu % Correct
T Tilted Towers / Tomato Town / Tomato Temple / Tilted Town
94%
S Snobby Shores / Shifty Shafts / Salty Springs / Sunny Steps / Starry Suburbs / Slurpy Swamp / Sludgy Swamp / Sweaty Sands / Steamy Stacks / Stark Industries / Stealthy Stronghold / Salty Towers / Sleepy Sound / Sanctuaire / Synapse Station / Shuffled Shrines
86%
L Loot Lake / Lucky Landing / Lonely Lodge / Lazy Links / Leaky Lake / Lazy Lagoon / Lazy Lake / Logjam Lumberyard / Logjam Lotus
76%
P Pleasant Park / Paradise Palms / Polar Peak / Pressure Plant / Plateforme (La) / Pyramide (La)
72%
A Anarchy Acres / Agence (L') / Autorité (L')
68%
R Retail Row / Risky Reels / Requin (Le) / Rickety Rig / Ruines (Les) / Rocky Reels
68%
F Flush Factory / Fatal Fields / Frosty Flights / Frenzy Farm / Flotille (La) / Fief de Fatalis / Flèche (La) / Forteresse (La)
62%
D Dusty Divot / Dusty Depot / Dirty Docks / Daily Bugle
54%
G Greasy Grove / Gotham City / Grotte (La)
54%
W Wailing Woods / Weeping Woods
53%
M Moisty Mire / Mega Mall / Moisty Palms / Misty Meadows
45%
J Junk Junction
44%
H Haunted Hills / Happy Hamlet / Holly Hedges / Hunter's Haven / Holly Hatchery
43%
C Craggy Cliffs / Catty Corner / Coral Castle / Colossal Coliseum / Colossal Crops / Corny Complex / Convergence (La) / Camp Cuddle / Coney Crossroads / Condo Canyon / Circuit Chonkers / Covert Cavern / Cascades de Réalité
21%
B Bloc (Le) / Boney Burbs / Believer Beach / Bourg-Jonesy / Bamboche (La)
20%
N Neo Tilted
17%
Y Yacht (Le)
11%
E État-Major Enfoui
1%
Aucun quiz correspondant
Distribution des résultats
% des personnes avec chaque résultat
Percentile par nombre de réponses
Votre historique - résultats
Vous n’avez pas pris ce quiz depuis la dernière actualisation